000 00499nam a2200145Ia 4500
008 100204s9999 xx 000 0 und d
082 _b11790
100 _aअभ्यंकर कुसुम
245 _aहरे राम हरे कृष्ण
260 _b"शशीदीप प्रकाशन , पुणे"
_c1989 2
300 _a212
630 _aहरे राम हरे कृष्ण
730 _aहरे राम हरे कृष्ण
942 _cBOOK
999 _c456202
_d456199